000 00670nam a2200265Ia 4500
005 20260121165449.0
008 008 260114s9999 xx 000 0 eng d
020 _a9783319296791
037 _aEBOOK
040 _aCRL
040 _beng
040 _cCRL
041 _2eng
041 _aeng
084 _qCRL
100 _aDariusz Buraczewski, Ewa Damek, Thomas Mikosch
_91052030
245 0 _aStochastic Models with Power-Law Tails
260 _bSpringer
260 _bSpringer
260 _c2016
856 _uhttps://link.springer.com/openurl?genre=book&isbn=978-3-319-29679-1
942 _cEBOOK
999 _c1617755
_d1617755